[Event "18th IND-chT Women 2020"]
[Site "Ahmedabad"]
[Date "2020.02.10"]
[Round "3.6"]
[White "Tania, Sachdev"]
[Black "Varshini, V."]
[Result "1-0"]
[WhiteElo "2397"]
[BlackElo "2242"]
[Annotator "RC"]
[PlyCount "69"]
[EventDate "2020.02.05"]
[EventCountry "IND"]
[SourceTitle "playchess.com"]
[Source "ChessBase"]
[SourceQuality "1"]
[TimeControl "5400+30"]

1. d4 d5 2. c4 e6 3. Nc3 Nf6 4. Nf3 Be7 5. Qc2 O-O 6. cxd5 exd5 7. Bf4 c6 8. h3 Re8 9. e3 Nbd7 10. Bd3 Nf8 11. O-O-O Be6 12. Kb1 Rc8 13. Rc1 b5 14. g4 a6 15. Qe2 c5 16. dxc5 Bxc5 17. Be5 Qa5 18. Bc2 N8d7 19. Bd4 Ne4 20. Bb3 Bxd4 21. Nxe4 Rxc1+ 22. Rxc1 Bxe3 23. Qxe3 dxe4 24. Bxe6 fxe6 25. Qxe4 Nf6 26. Qc6 Qd8 27. g5 Nd5 28. Qxa6 b4 29. h4 Qb8 30. Qc4 Qa7 31. Nd4 Qb6 32. Re1 Kf7 33. Rxe6 Nc3+ 34. bxc3 bxc3+ 35. Kc2 1-0

[Event "18th IND-chT Women 2020"]
[Site "Ahmedabad"]
[Date "2020.02.10"]
[Round "3.7"]
[White "Vaishali R"]
[Black "Vijayalakshmi, Subbaraman"]
[Result "1-0"]
[WhiteElo "2382"]
[BlackElo "2331"]
[Annotator "TA"]
[PlyCount "57"]
[EventDate "2020.02.05"]
[EventCountry "IND"]
[SourceTitle "playchess.com"]
[Source "ChessBase"]
[SourceQuality "1"]

{[%evp 9,57,50,51,16,23,14,36,35,42,31,45,8,11,-1,95,89,139,133,222,222,224,193,367,393,391,382,395,378,558,557,556,539,553,551,537,485,544,604,592,542,537,515,1108,665,29995,29995,29995,29986,29993,29994]} 1. e4 g6 2. d4 Bg7 3. Nc3 d6 4. Be3 a6 5. Qd2 b5 6. h4 {B06: Modern Defence} h5 7. Nh3 Nd7 8. Ng5 {White is slightly better.} Bb7 9. a4 c6 10. f4 Nh6 11. Be2 {[#]} Ng4 $146 (11... Nf6 $11) ({Predecessor:} 11... e6 12. e5 Nf5 13. Bf2 O-O 14. Nce4 Nb6 15. a5 Nd5 16. exd6 Nxd6 17. Nc5 Bc8 {0-1 (59) Agopov,M (2431)-Luukkonen,T (2355) Helsinki 2014}) 12. e5 $36 {[%mdl 2048] Strongly threatening e6. White is in control.} Nf8 13. O-O ({But not} 13. axb5 $6 axb5 14. Rxa8 Bxa8 $14) 13... f6 {[#]} (13... Qc7 $16) 14. exf6 $1 $18 ({Weaker is} 14. axb5 fxg5 15. bxa6 Bc8 $11) 14... exf6 15. f5 Qe7 $2 (15... Qd7 {was called for.}) 16. Bxg4 hxg4 17. Rae1 {aiming for Bf4.} O-O-O 18. d5 Qd7 (18... gxf5 {keeps fighting.} 19. Bb6 {[%mdl 64] Discovered Attack} Qd7) 19. dxc6 Bxc6 20. axb5 axb5 21. Nd5 Qb7 22. Nb6+ Kb8 23. Ra1 {[%cal Be1a1,Ba1a6,Ba6c6][%mdl 32]} Qe7 24. Nd5 Bxd5 25. Ba7+ Kc7 (25... Kc8 $142 26. Qxd5 Qb7 27. Qxb7+ Kxb7) 26. Qxd5 gxf5 {Black hopes to continue with ...Qe5.} 27. Ra6 {[%csl Ga6][%cal Rd5c6] White mates.} Rc8 28. Rc6+ Kd8 29. Bb6+ {Accuracy: White = 86%, Black = 42%.} 1-0

[Event "18th IND-chT Women 2020"]
[Site "Ahmedabad"]
[Date "2020.02.10"]
[Round "3.8"]
[White "Meenakshi Subbaraman"]
[Black "Mahalakshmi, M."]
[Result "0-1"]
[WhiteElo "2162"]
[BlackElo "2255"]
[Annotator "RC"]
[PlyCount "74"]
[EventDate "2020.02.05"]
[EventCountry "IND"]
[SourceTitle "playchess.com"]
[Source "ChessBase"]
[SourceQuality "1"]
[TimeControl "5400+30"]

1. d4 {[%emt 0:00:00]} Nf6 {[%emt 0:00:00]} 2. Nf3 {[%emt 0:00:30]} b6 {[%emt 0:00:30]} 3. Bf4 {[%emt 0:00:30]} Bb7 {[%emt 0:00:30]} 4. e3 {[%emt 0:00:30]} g6 {[%emt 0:00:30]} 5. Be2 {[%emt 0:00:30]} Bg7 {[%emt 0:00:30]} 6. Nc3 {[%emt 0:00:30]} d6 {[%emt 0:00:30]} 7. h4 {[%emt 0:00:30]} Nbd7 {[%emt 0:00:30]} 8. Qd2 {[%emt 0:00:30]} a6 {[%emt 0:00:30]} 9. a4 {[%emt 0:00:30]} c5 {[%emt 0:00:30]} 10. d5 {[%emt 0:00:30]} b5 {[%emt 0:00:30]} 11. axb5 {[%emt 0:00:30]} axb5 {[%emt 0:00:30]} 12. Rxa8 {[%emt 0:00:30]} Qxa8 {[%emt 0:00:30]} 13. Bxb5 {[%emt 0:00:30]} Nxd5 {[%emt 0:00:30]} 14. Nxd5 {[%emt 0:00:30]} Bxd5 {[%emt 0:00:30]} 15. O-O {[%emt 0:00:30]} Bxf3 {[%emt 0:00:30]} 16. gxf3 {[%emt 0:00:30]} Qxf3 {[%emt 0:00:30]} 17. Ra1 {[%emt 0:00:30]} Qg4+ {[%emt 0:00:30]} 18. Bg3 {[%emt 0:00:30]} O-O {[%emt 0:00:30]} 19. Ra4 {[%emt 0:00:30]} Qe6 {[%emt 0:00:30]} 20. b3 {[%emt 0:00:30]} Nf6 {[%emt 0:00:30]} 21. Qd3 {[%emt 0:00:30]} Nh5 {[%emt 0:00:30]} 22. Qe4 {[%emt 0:00:30]} Nxg3 {[%emt 0:00:30]} 23. fxg3 {[%emt 0:00:30]} Be5 {[%emt 0:00:30]} 24. Kg2 {[%emt 0:00:30]} d5 {[%emt 0:00:30]} 25. Qg4 {[%emt 0:00:30]} Qxg4 {[%emt 0:00:30]} 26. Rxg4 {[%emt 0:00:30]} f5 {[%emt 0:00:30]} 27. Ra4 {[%emt 0:00:30]} d4 {[%emt 0:00:30]} 28. Bc4+ {[%emt 0:00:30]} Kg7 {[%emt 0:00:30]} 29. Ra5 {[%emt 0:00:30]} dxe3 {[%emt 0:00:30]} 30. Rxc5 {[%emt 0:00:30]} Bd6 {[%emt 0:00:30]} 31. Rd5 {[%emt 0:00:30]} f4 {[%emt 0:00:30]} 32. gxf4 {[%emt 0:00:30]} Rxf4 {[%emt 0:00:30]} 33. Rd1 {[%emt 0:00:30]} Rf2+ {[%emt 0:00:30]} 34. Kg1 {[%emt 0:00:30]} Rxc2 {[%emt 0:00:30]} 35. Re1 {[%emt 0:00:30]} Bg3 {[%emt 0:00:30]} 36. Re2 {[%emt 0:00:30]} Rxe2 {[%emt 0:00:30]} 37. Bxe2 {[%emt 0:00:30]} Bxh4 {[%emt 0:00:30]} 0-1

[Event "18th IND-chT Women 2020"]
[Site "Ahmedabad"]
[Date "2020.02.10"]
[Round "4.1"]
[White "Michelle Catherina, P."]
[Black "Gomes, Mary Ann"]
[Result "0-1"]
[WhiteElo "2175"]
[BlackElo "2344"]
[Annotator "RC"]
[PlyCount "72"]
[EventDate "2020.02.05"]
[EventCountry "IND"]
[SourceTitle "playchess.com"]
[Source "ChessBase"]
[SourceQuality "1"]
[TimeControl "5400+30"]

1. e4 c5 2. Nf3 e6 3. d4 cxd4 4. Nxd4 a6 5. Bd3 Qc7 6. O-O Nf6 7. Qe2 d6 8. c4 g6 9. Nc3 Bg7 10. Rd1 O-O 11. Nf3 Nbd7 12. Be3 Ng4 13. Rac1 Nc5 14. Bb1 b6 15. Qd2 Rd8 16. Bf4 Bf8 17. Bg5 Re8 18. b3 Bb7 19. h4 Rac8 20. h5 Nd7 21. Ne2 Nde5 22. Nxe5 Nxe5 23. Rc3 Qc5 24. Qf4 f5 25. Qh4 Rc7 26. Rh3 Rg7 27. Nf4 Kf7 28. exf5 exf5 29. hxg6+ hxg6 30. Rg3 Ng4 31. Rxg4 fxg4 32. Nxg6 Be4 33. Nh8+ Kg8 34. Bf6 Bxb1 35. Rxb1 Qf5 36. Rd1 Rh7 0-1

[Event "18th IND-chT Women 2020"]
[Site "Ahmedabad"]
[Date "2020.02.10"]
[Round "4.2"]
[White "Padmini, Rout"]
[Black "Varshini, V."]
[Result "1-0"]
[WhiteElo "2372"]
[BlackElo "2242"]
[Annotator "TA"]
[PlyCount "73"]
[EventDate "2020.02.05"]
[EventCountry "IND"]
[SourceTitle "playchess.com"]
[Source "ChessBase"]
[SourceQuality "1"]

{[%evp 25,73,29,40,30,52,52,66,15,78,58,91,72,72,80,87,66,66,47,50,34,37,41,54,54,136,123,159,156,166,165,204,204,297,8,4,0,300,281,504,500,562,561,554,552,29980,29980,29979,29980,29980,29981]} 1. e4 c5 2. Nf3 d6 3. d4 cxd4 4. Nxd4 Nf6 5. Nc3 a6 6. Be2 e6 7. O-O Be7 8. f4 Qc7 9. Kh1 O-O 10. a4 Nc6 11. Be3 Bd7 12. Nb3 Na5 13. e5 Ne8 14. Nxa5 {B85: Sicilian Scheveningen: 6 Be2 a6, lines with early Be3.} Qxa5 15. Ne4 {[%cal Re5d6,Bc3e4,Be4d2,Bd2b3,Bb3d4][%mdl 32]} Qc7 16. Bd4 (16. a5 $14) 16... d5 {[#]} (16... f6 $11 {keeps the balance.}) 17. Nd2 $146 ({Predecessor:} 17. Ng5 f6 18. exf6 gxf6 19. Nxh7 Rf7 20. Bd3 Rxh7 21. Bxh7+ Kxh7 22. Qh5+ Kg8 23. Rf3 {½-½ (29) Taylor Bowd,P (2082)-Dennis,N (2020) Grand Harve Bay 2006}) 17... b6 18. Bd3 g6 19. Qe2 $36 {[%mdl 2048] White has strong initiative.} a5 20. Nb3 Ng7 21. Bg1 f6 22. exf6 Bxf6 23. Nd4 Qd6 24. c3 e5 ({Better is} 24... Rae8 $14) 25. fxe5 $16 Bxe5 {[#]} 26. Nb5 $1 {[%cal Rb5d6]} Bxb5 27. Bxb5 Nf5 28. Rad1 {Strongly threatening Rxd5!} Kg7 (28... Kh8 {keeps fighting.} 29. g4 Ng7) 29. Rfe1 $2 (29. Rde1 $18 Bf6 30. g4) 29... Bg3 $1 $11 30. Rf1 $2 {[%mdl 8192]} (30. Bf2 $11 Bxh2 31. Qe6) 30... Be5 $18 31. Rde1 Bg3 $2 (31... Bf6 {was worth a try.} 32. g4 Nh4) 32. Rxf5 {[%mdl 64] And now Bd4+ would win. Remove Defender} Rxf5 33. Bd4+ ({Weaker is} 33. hxg3 Rh5+ 34. Bh2 Qxg3 $18) 33... Kg8 34. hxg3 Qxg3 35. Qe6+ {[%mdl 64] Double Attack. White mates.} Rf7 36. Be8 {[%csl Ge8][%cal Re6f7][%mdl 64] Pin} Qh4+ {[#]} 37. Kg1 $1 {Accuracy: White = 81%, Black = 42%.} 1-0

[Event "18th IND-chT Women 2020"]
[Site "Ahmedabad"]
[Date "2020.02.10"]
[Round "4.3"]
[White "Vaishali R"]
[Black "Soumya, Swaminathan"]
[Result "1-0"]
[WhiteElo "2382"]
[BlackElo "2369"]
[Annotator "TA"]
[PlyCount "89"]
[EventDate "2020.02.05"]
[EventCountry "IND"]
[SourceTitle "playchess.com"]
[Source "ChessBase"]
[SourceQuality "1"]

{[%evp 30,89,21,0,0,0,0,0,0,0,0,0,0,0,11,11,26,17,66,9,30,9,19,0,22,-17,-7,-18,-3,0,0,0,0,-50,-48,-56,0,-9,60,67,909,906,1152,1154,986,986,29977,29978,29978,29979,29979,29980,6070,1110,1087,1032,2398,2356,5173,5364,2287,1911]} 1. e4 c5 2. Nf3 e6 3. d4 cxd4 4. Nxd4 Nc6 5. Nc3 Qc7 6. Be2 Nf6 7. O-O Be7 8. Be3 O-O 9. f4 d6 10. Ndb5 Qb8 11. a4 b6 12. Bf3 Bb7 13. g4 a6 14. g5 Nd7 15. Nd4 Qc7 16. Bg2 Nxd4 {B85: Sicilian Scheveningen: 6 Be2 a6, lines with early Be3.} 17. Qxd4 e5 18. Qd2 exf4 {The position is equal.} 19. Bxf4 Ne5 20. Nd5 Bxd5 21. exd5 {[#]} Qc5+ $146 ({Predecessor:} 21... Rac8 22. c3 Qc4 23. Be3 Qh4 24. Bf4 Rfd8 25. Qe1 Qh5 26. Qg3 Rc4 27. b3 Rxf4 28. Rxf4 Bxg5 29. Re4 Qh6 {½-½ (38) Olsson,T (2231)-Mohammadi,A (2265) Sweden 2003}) 22. Kh1 Rac8 23. c3 Rfe8 24. Bxe5 (24. Bh3 $14) 24... dxe5 $11 25. Be4 Qc4 26. Rae1 Rcd8 27. Qc2 {Hoping for b3.} Bxg5 28. Bxh7+ Kh8 {White must now prevent ...g6.} 29. Be4 Bf4 30. Rf3 Rd6 31. b3 Qc8 32. Bf5 Qd8 {next ...Rh6 is good for Black.} 33. Qe4 $1 $36 {[%mdl 2048] White has the initiative.} Rg8 {[#]} (33... Bh6 $11) 34. Be6 $1 $14 {[%mdl 512] Strongly threatening Qxf4!} fxe6 $2 {[%mdl 8192] [#]} (34... Qf6 $14 35. Rh3+ Bh6) 35. Qxf4 $1 $18 {[%mdl 512]} Re8 (35... exf4 36. Rh3+) 36. Qf7 {Threatening mate with Rh3+.} exd5 37. Rg1 {[%csl Gg1][%cal Rf7g7]} Re7 38. Rh3+ Rh6 39. Rxh6+ {[%mdl 64] Overworked Piece} gxh6 {[%mdl 4096] Endgame KQR-KQR} 40. Qf6+ {[%mdl 64] Double Attack} Kh7 41. Rg7+ (41. Rg6 $142 Qf8 42. Qxf8 Kxg6 43. Qxe7) 41... Rxg7 42. Qxd8 d4 43. cxd4 exd4 44. Qxd4 Rg6 45. Qd7+ {Accuracy: White = 78%, Black = 52%.} 1-0

[Event "18th IND-chT Women 2020"]
[Site "Ahmedabad"]
[Date "2020.02.10"]
[Round "4.4"]
[White "Mohota, Nisha"]
[Black "Mahalakshmi, M."]
[Result "1/2-1/2"]
[WhiteElo "2191"]
[BlackElo "2255"]
[Annotator "RC"]
[PlyCount "119"]
[EventDate "2020.02.05"]
[EventCountry "IND"]
[SourceTitle "playchess.com"]
[Source "ChessBase"]
[SourceQuality "1"]
[TimeControl "5400+30"]

1. e4 c6 2. Nc3 d5 3. Nf3 dxe4 4. Nxe4 Nf6 5. Qe2 Qd5 6. d3 Bf5 7. c4 Qa5+ 8. Bd2 Qc7 9. Ng3 Bg6 10. h4 Nh5 11. Ne4 Nd7 12. O-O-O Ndf6 13. Nxf6+ Nxf6 14. Ne5 Nd7 15. Nxg6 hxg6 16. d4 O-O-O 17. g3 e6 18. Bg2 Nf6 19. Bc3 Be7 20. Kb1 Kb8 21. Rhe1 Rhe8 22. Qf3 Bd6 23. Rd3 Ka8 24. Red1 Bf8 25. Bd2 Rd7 26. Bf4 Bd6 27. Bg5 Be7 28. c5 e5 29. Ra3 Red8 30. Rc1 Rxd4 31. Rb3 Qd7 32. Bxf6 Bxf6 33. a3 Qf5+ 34. Qxf5 gxf5 35. Rbc3 e4 36. R3c2 Kb8 37. Re2 Rd2 38. Rxd2 Rxd2 39. Rc2 Rxc2 40. Kxc2 Bd4 41. f3 e3 42. Bf1 Bxc5 43. Bc4 f6 44. Kd3 a5 45. a4 Kc7 46. Be6 f4 47. gxf4 Kd6 48. Bc4 Ke7 49. Ke4 Ba7 50. h5 Bc5 51. Kf5 Bd6 52. Ke4 Bc5 53. Kf5 Bd4 54. b3 Bc3 55. Kg6 {Kf7+ Be2+} Be1 56. Kf5 Bg3 57. Ke4 Bf2 58. Kf5 {Kg8 Kg6} Bg3 {Bc4+ Kf8 Kf5 Be1} 59. Kg6 {Bd2 Be2 Bc3 Bc4 Bd4 Be2} b6 {Bc4 Bc5} 60. Kf5 {Bb4 Ke4 Bc5 Kf5 Ba3 Ke4 Bc1 Kf5 Bd2 Be2 Bc1 Bc4 Ba3 Ke4 Bc5 Kf5} 1/2-1/2

[Event "18th IND-chT Women 2020"]
[Site "Ahmedabad"]
[Date "2020.02.10"]
[Round "4.5"]
[White "Kulkarni Bhakti"]
[Black "Nanditha V"]
[Result "1-0"]
[WhiteElo "2404"]
[BlackElo "1728"]
[Annotator "TA"]
[PlyCount "45"]
[EventDate "2020.02.05"]
[EventCountry "IND"]
[SourceTitle "playchess.com"]
[Source "ChessBase"]
[SourceQuality "1"]

{[%evp 15,45,31,30,43,105,40,49,52,66,57,49,83,79,55,92,86,112,111,141,138,140,133,187,177,332,302,572,229,229,225,886,900]} 1. d4 d5 2. Nf3 Nf6 3. c4 c6 4. g3 e6 5. Bg2 Bd6 6. O-O O-O 7. Nc3 Nbd7 8. Nd2 $1 {[%mdl 4] The main line 8.Nd2 scores better than 8.Qc2.} Bc7 9. e4 {E01: Catalan: Early deviations.} c5 {[#]} ({Black should try} 9... e5 $14) 10. exd5 $146 (10. e5 $16 cxd4 11. exf6 dxc3 12. fxg7) ({Predecessor:} 10. dxc5 d4 11. Na4 e5 12. b4 Re8 13. Ba3 Nf8 14. Nb2 Ng6 15. Nd3 h5 16. h4 Ng4 {½-½ (53) Ulybin,M (2469)-Pastukhov,L (2215) Ekaterinburg 2019}) 10... cxd4 $14 11. Nb5 {White is slightly better.} exd5 12. cxd5 Nb6 13. Nxc7 Qxc7 14. Nb3 Nfxd5 15. Nxd4 Bd7 16. a4 {[#] aiming for a5.} a5 17. b3 Rfd8 18. Bb2 Bc6 (18... Qd6 $16 {was necessary.} 19. Re1 Qh6) 19. Rc1 $18 Nb4 $2 (19... Ne7 20. Re1 Qd7 21. Nxc6 bxc6 22. Qxd7 Rxd7 23. Bxc6 Nxc6) 20. Qg4 h5 $2 (20... f6 21. Ne6 Qd7 22. Bxf6 Re8) 21. Qg5 (21. Qxh5 $142 Re8 22. Nxc6 bxc6 {[#]} 23. Qg5 $1 {[%mdl 512]}) 21... f6 22. Qxh5 Qd7 $2 (22... Qf7 23. Qxf7+ Kxf7 24. Nxc6 bxc6 25. Bxc6 Nxc6) 23. Bh3 {Accuracy: White = 71%, Black = 33%.} 1-0

[Event "18th IND-chT Women 2020"]
[Site "Ahmedabad"]
[Date "2020.02.10"]
[Round "4.6"]
[White "Kheerthi Ganta"]
[Black "Tania, Sachdev"]
[Result "1/2-1/2"]
[WhiteElo "1683"]
[BlackElo "2397"]
[Annotator "TA"]
[PlyCount "60"]
[EventDate "2020.02.05"]
[EventCountry "IND"]
[SourceTitle "playchess.com"]
[Source "ChessBase"]
[SourceQuality "1"]

{[%evp 16,60,29,4,29,16,19,22,25,34,39,33,70,70,98,93,94,60,55,63,54,44,77,43,83,76,102,32,53,0,0,0,0,0,0,0,0,0,0,0,0,0,0,0,0,0,0]} 1. d4 Nf6 2. c4 e6 3. Nf3 b6 4. g3 Bb7 5. Bg2 Be7 6. O-O O-O 7. Nc3 Ne4 8. Bd2 {is the new trend.} f5 9. Qc2 Bf6 {E18: Queen's Indian: Old Main Line (4 g3 Bb7 5 Bg2 Be7 6 0-0 0-0 7 Nc3).} 10. Ne5 {[%cal Rc3e4]} Nxc3 11. Bxc3 ({Much worse is} 11. bxc3 Bxg2 12. Kxg2 Bxe5 $17) 11... Bxg2 12. Kxg2 d6 {[#]} 13. Nf3 $146 ({Predecessor:} 13. Nd3 Qe8 14. f3 Nd7 15. Nf4 g5 16. Nh3 Qg6 17. f4 g4 18. Nf2 d5 19. Qa4 {1-0 (76) Chirila,I (2547)-Milliet,S (2387) London 2014}) 13... g6 14. e4 $36 {[%mdl 2048] White is pushing.} Bg7 15. exf5 exf5 16. d5 {And now Bxg7 would win.} Bxc3 17. Qxc3 Nd7 18. Rfe1 Nc5 19. Nd4 Qf6 20. b4 Nd7 21. Rac1 ({White should play} 21. Re6 $16 Qg7 22. Rae1) 21... a5 $14 22. b5 (22. a3 $14) 22... Nc5 $11 {The position is equal.} 23. Ne6 (23. Qd2 {with more complications.} Rae8 24. f3 g5 25. Rb1 f4 26. g4) 23... Nxe6 24. Rxe6 Qxc3 25. Rxc3 {[%mdl 4096] Endgame KRR-KRR} Rae8 26. Rce3 Kf7 27. Rxe8 Rxe8 28. Rxe8 Kxe8 29. f4 Ke7 30. Kf3 Kf6 {Accuracy: White = 76%, Black = 64%.} 1/2-1/2

[Event "18th IND-chT Women 2020"]
[Site "Ahmedabad"]
[Date "2020.02.10"]
[Round "4.7"]
[White "Vijayalakshmi, Subbaraman"]
[Black "Velpula Sarayu"]
[Result "1-0"]
[WhiteElo "2331"]
[BlackElo "1867"]
[Annotator "TA"]
[PlyCount "97"]
[EventDate "2020.02.05"]
[EventCountry "IND"]
[SourceTitle "playchess.com"]
[Source "ChessBase"]
[SourceQuality "1"]

{[%evp 11,97,0,21,0,-6,-14,2,-22,-17,-18,-8,-29,-36,-31,-37,-87,-89,-87,-83,-87,-87,-108,-78,-73,-42,-59,-45,-64,-61,-83,-75,-134,-96,-99,-89,-114,-98,-121,-84,-79,-10,-30,0,20,32,-121,-145,-130,103,96,99,129,154,182,711,685,786,772,802,785,788,769,914,754,745,728,725,724,1526,1517,1338,1530,1630,1260,12819,6722,5918,9450,12831,2398,2955,5822,1860,2148,12839,9389,5830,5493]} 1. Nf3 Nf6 2. d4 g6 3. Bf4 d5 4. Nc3 Bg7 5. e3 c6 6. Be2 O-O 7. h4 {D00: 1 d4 d5: Unusual lines.} h5 8. Ne5 Qb6 {[#]} 9. Na4 $146 {The position is equal.} ({Predecessor:} 9. Rb1 Nbd7 10. f3 Nxe5 11. Bxe5 Nd7 12. Bxg7 Kxg7 13. g4 hxg4 14. fxg4 e5 15. Qd2 exd4 16. exd4 Qc7 {½-½ (16) Wagenaar,H (2131)-Ermalis,R Berkshire 2006}) 9... Qa5+ 10. c3 Nbd7 11. b4 Qd8 12. Nxd7 Nxd7 13. g4 hxg4 14. Bxg4 {[#]} e5 $1 {[%cal Re5f4]} 15. dxe5 Nxe5 16. Be2 Bf5 17. Nc5 b6 18. Nb3 $1 {[#]} c5 $1 {[%mdl 512]} 19. bxc5 bxc5 20. Kf1 Rc8 21. Kg2 ({White should try} 21. h5) 21... Be4+ 22. f3 Bf5 23. Rc1 Qe7 24. Qe1 Rfd8 25. Qg3 Nc4 (25... a5 $17 26. h5 Rc6) 26. e4 dxe4 {aiming for ...Ne5.} 27. Bxc4 {Threatens to win with Rhe1.} exf3+ $1 28. Kh2 $2 (28. Kg1 $14 {stays ahead.}) 28... Qe4 $17 {[%mdl 1024] Black has strong compensation.} 29. Ba6 {[#] Black must now prevent Rhe1.} Rc6 $2 (29... Qa4 $1 $17 {[%cal Ra4a2] stays on course.} 30. Bxc8 Qxa2+ 31. Kg1 Bxc8 32. Nxc5 Qc4) 30. Bb5 $16 {Rhe1 is the strong threat.} Rb6 31. Rhe1 Qd5 {Strongly threatening ...c4.} 32. c4 Qd3 $2 (32... Qa8) 33. Re3 $18 {White is clearly winning.} Qxe3 34. Bxe3 Rd3 35. Qxf3 Re6 36. Re1 Re4 37. Qxe4 {[%mdl 64] Decoy} Bxe4 38. Nxc5 {[%mdl 64] Double Attack} Be5+ 39. Kg1 Rxe3 40. Rxe3 Bd4 41. Nxe4 Bxe3+ 42. Kg2 f5 43. Kf3 Bb6 44. Ng5 Kg7 {[#]} 45. c5 $1 Ba5 (45... Bxc5 46. Ne6+) 46. Be8 Kf6 47. c6 Bb6 48. Nh3 Bc7 49. Nf4 {Accuracy: White = 74%, Black = 45%.} 1-0

[Event "18th IND-chT Women 2020"]
[Site "Ahmedabad"]
[Date "2020.02.10"]
[Round "4.8"]
[White "Natura Bethi"]
[Black "Meenakshi Subbaraman"]
[Result "0-1"]
[WhiteElo "1364"]
[BlackElo "2162"]
[Annotator "RC"]
[PlyCount "50"]
[EventDate "2020.02.05"]
[EventCountry "IND"]
[SourceTitle "playchess.com"]
[Source "ChessBase"]
[SourceQuality "1"]
[TimeControl "5400+30"]

1. d4 d6 2. c4 g6 3. Nc3 Bg7 4. e4 e5 5. d5 Ne7 6. Bd3 O-O 7. Nge2 Nd7 8. O-O f5 9. f4 exf4 10. exf5 f3 11. Nf4 fxg2 12. Kxg2 Ne5 13. Ne6 Bxe6 14. fxe6 Nf5 15. Ne4 Nh4+ 16. Kh1 Nhf3 17. Nd2 Nxh2 18. Rxf8+ Bxf8 19. Bxg6 hxg6 20. Kxh2 Qh4+ 21. Kg2 Qg5+ 22. Kh1 Be7 23. Qg1 Qh5+ 24. Qh2 Bh4 25. b3 Ng4 0-1

[Event "18th IND-chT Women 2020"]
[Site "Ahmedabad"]
[Date "2020.02.10"]
[Round "4.10"]
[White "Nabanita, Pattanayak"]
[Black "Nandhidhaa, P V"]
[Result "0-1"]
[WhiteElo "1467"]
[BlackElo "2339"]
[Annotator "TA"]
[PlyCount "40"]
[EventDate "2020.02.05"]
[EventCountry "IND"]
[SourceTitle "playchess.com"]
[Source "ChessBase"]
[SourceQuality "1"]

{[%evp 9,78,-5,46,-2,31,0,0,0,0,-4,-4,-56,-62,-48,-67,-50,-44,-62,-43,-98,-76,-107,-99,-114,-104,-147,-156,-148,-136,-189,-120,-127,-116,-277,-153,-156,-144,-308,-269,-483,-390,-484,-464,-479,-292,-314,-318,-277,-294,-334,-334,-335,-334,-377,-382,-507,-507,-740,-715,-668,-433,-664,-501,-487,-491,-728,-685,-736,-638,-599,-592]} 1. e4 c5 2. Nf3 e6 3. d4 cxd4 4. Nxd4 Nc6 5. Be3 Qc7 ({Better is} 5... Nf6 $11) 6. c3 {B44: Sicilian: Taimanov: 5 Nb5.} a6 7. Be2 Nf6 8. Nd2 {The position is equal.} d5 9. exd5 Nxd5 {[#]} 10. N2f3 $146 (10. Nxc6 $11 Nxe3 11. fxe3 Qxc6 12. Nc4) ({Predecessor:} 10. O-O Bd6 11. h3 Nxe3 12. fxe3 O-O 13. Qc2 Bc5 14. Ne4 Bxd4 15. exd4 Nxd4 16. Qd3 Nxe2+ 17. Qxe2 {0-1 (33) Wang,Y-Feng,J (1384) Changsha 2019}) 10... Nxe3 $15 11. fxe3 Bd7 12. O-O Be7 13. Qd2 e5 14. Nb3 ({White should try} 14. Nxc6 $15 Bxc6 15. c4) 14... Be6 15. Bd1 O-O 16. Bc2 a5 {[%cal Ba6a5,Ba5a4][%mdl 32]} 17. Qf2 a4 18. Nbd2 f5 19. Rae1 (19. Rac1 $17) 19... Qb6 ({But not} 19... Bxa2 20. Ra1 $17) (19... e4 $19 20. Nd4 Nxd4 21. exd4 Ra6) 20. b3 $17 Rac8 {Played: Qb6-c5} 0-1

[Event "18th IND-chT Women 2020"]
[Site "Ahmedabad"]
[Date "2020.02.10"]
[Round "4.11"]
[White "Srija, Seshadri"]
[Black "Smaraki, Mohanty"]
[Result "1-0"]
[WhiteElo "2205"]
[BlackElo "1746"]
[Annotator "RC"]
[PlyCount "52"]
[EventDate "2020.02.05"]
[EventCountry "IND"]
[SourceTitle "playchess.com"]
[Source "ChessBase"]
[SourceQuality "1"]
[TimeControl "5400+30"]

1. e4 d5 2. exd5 Qxd5 3. Nc3 Qd8 4. d4 Nf6 5. Nf3 Bg4 6. Be2 e6 7. O-O Be7 8. Bf4 c6 9. h3 Bh5 10. g4 Bg6 11. Ne5 Nbd7 12. h4 h6 13. Nxg6 fxg6 14. Qd3 Kf7 15. h5 Nf8 16. Be5 gxh5 17. gxh5 g6 18. Kh1 Rg8 19. Rg1 g5 20. Raf1 N6d7 21. f4 Nxe5 22. fxe5+ Ke8 23. Qf3 Kd7 24. d5 exd5 25. Nxd5 Ne6 26. Rd1 {Kc7 Nf6} Qf8 {Nxg8} 1-0

[Event "18th IND-chT Women 2020"]
[Site "Ahmedabad"]
[Date "2020.02.10"]
[Round "4.12"]
[White "Aparajita, Gochhikar"]
[Black "Arpita, Mukherjee"]
[Result "0-1"]
[WhiteElo "1743"]
[BlackElo "2201"]
[Annotator "RC"]
[PlyCount "112"]
[EventDate "2020.02.05"]
[EventCountry "IND"]
[SourceTitle "playchess.com"]
[Source "ChessBase"]
[SourceQuality "1"]
[TimeControl "5400+30"]

1. e4 c5 2. c3 d5 3. exd5 Qxd5 4. d4 g6 5. Nf3 Bg7 6. Be3 cxd4 7. cxd4 Nf6 8. Nc3 Qd8 9. Bb5+ Bd7 10. Bxd7+ Nbxd7 11. Qb3 Nb6 12. O-O O-O 13. Rac1 e6 14. Rfd1 Nfd5 15. Nxd5 Qxd5 16. Rc7 Qxb3 17. axb3 Rab8 18. Rdc1 Nd5 19. R7c4 h6 20. Kf1 Rfd8 21. Ke2 Ne7 22. Bf4 Ra8 23. Bc7 Rd5 24. Rc5 b6 25. Rxd5 Nxd5 26. Bg3 a5 27. Ne5 g5 28. h4 f6 29. Nd3 Kf7 30. f4 f5 31. Ne5+ Bxe5 32. fxe5 a4 33. bxa4 Rxa4 34. Kd3 Rb4 35. Be1 Rxb2 36. g3 Rb3+ 37. Kc4 Rf3 38. h5 Rf1 39. Ra1 Ne7 40. Kb5 f4 41. gxf4 gxf4 42. Kxb6 f3 43. Ra3 Rxe1 44. Rxf3+ Nf5 45. Ra3 Rc1 46. Ra7+ Ne7 47. Kb5 Rc8 48. Ra6 Nf5 49. Ra7+ Kf8 50. Rd7 Ne7 51. Kb6 Kf7 52. Kb7 Rc4 53. Rd8 Nf5 54. Rd7+ Ke8 55. Rh7 Rxd4 56. Rh8+ Kf7 0-1